| 000 | 00381nam a22001457a 4500 | ||
|---|---|---|---|
| 003 | SGT | ||
| 020 | _a9789388022712 | ||
| 082 |
_a615 _bSIV |
||
| 100 | _aSIVANANDY PALANISAMY | ||
| 245 | _aA TEXTBOOK ON ASSESSMENT MONITORING DOCUMENTETION REPORTING OF ADVERSE DRUG REACTION | ||
| 260 |
_aINDIA _bIP PUB _c2025 |
||
| 300 | _a136 | ||
| 650 | _aDRUG REACTION | ||
| 942 |
_2ddc _cBK |
||
| 999 |
_c34235 _d34235 |
||